JCT: Minor works sub-contract with sub-contractor's design 2016 (Record no. 121446)

MARC details
000 -LEADER
fixed length control field 01012cam a2200337 i 4500
001 - CONTROL NUMBER
control field 121446
005 - DATE AND TIME OF LATEST TRANSACTION
control field 20230404123516.0
008 - FIXED-LENGTH DATA ELEMENTS--GENERAL INFORMATION
fixed length control field 230404s2016 enk 000|0 eng d
020 ## - INTERNATIONAL STANDARD BOOK NUMBER
ISBN 9780414052567
Qualifying information paperback
020 ## - INTERNATIONAL STANDARD BOOK NUMBER
ISBN 0414052560
Qualifying information paperback
035 ## - SYSTEM CONTROL NUMBER
System control number (UK-WkNB)9780414052567
035 ## - SYSTEM CONTROL NUMBER
System control number (StEdALDL)1/3315044
040 ## - CATALOGING SOURCE
Original cataloging agency UK-WkNB
041 ## - LANGUAGE CODE
Language code of text/sound track or separate title eng
082 04 - DEWEY DECIMAL CLASSIFICATION NUMBER
Classification number 343.41078624
110 2# - MAIN ENTRY--CORPORATE NAME
Corporate author Joint Contracts Tribunal.
245 10 - TITLE STATEMENT
Title JCT: Minor works sub-contract with sub-contractor's design 2016
Subtitle MWSub/D 2016
246 3# - VARIANT TITLE
Title MWSub/D 2016
264 #1 - PRODUCTION, PUBLICATION, DISTRIBUTION, MANUFACTURE, AND COPYRIGHT NOTICE
Place of production, publication, distribution, manufacture London :
Name of producer, publisher, distributor, manufacturer Sweet & Maxwell, Thomson Reuters,
Date of production, publication, distribution, manufacture, or copyright notice [2016]
264 #4 - PRODUCTION, PUBLICATION, DISTRIBUTION, MANUFACTURE, AND COPYRIGHT NOTICE
Date of production, publication, distribution, manufacture, or copyright notice ©2016
300 ## - PHYSICAL DESCRIPTION
Physical description ii, 27 pages ;
Dimensions 30 cm
500 ## - GENERAL NOTE
General note Cover title.
500 ## - GENERAL NOTE
General note Previous issue: 2011.
650 #0 - KEYWORDS
Keywords Construction contracts
Geographic subdivision Great Britain
651 ## - SUBJECT ADDED ENTRY--GEOGRAPHIC NAME
Geographic name United Kingdom
942 ## - ADDED ENTRY ELEMENTS (KOHA)
Suppress in OPAC Do not suppress in OPAC
336 ## - CONTENT TYPE
Content type term text
Source rdacontent
337 ## - MEDIA TYPE
Media type term unmediated
Source rdamedia
338 ## - CARRIER TYPE
Carrier type term volume
Source rdacarrier
Holdings
Lost status Damaged status Not for loan Home library Current library Shelving location Date acquired Total Checkouts Full call number Date last seen Price effective from Koha item type
      London London Boxed set 04/04/2023   JCT CONTRACTS 04/04/2023 04/04/2023 Book